000 00326nam a22001457a 4500
020 _a81-304-8577-6
082 _a823
_bSAM/G
100 _aSAM.D.S
245 _aCHILDREN'S GOOD NIGHT STORIES
260 _a2008
_bTINY TOT PUBLCIATIONS
_cDELHI
300 _a144
520 _aMORAL STORY
650 _aMORAL STORY
942 _cBK
999 _c6626
_d6626